书目信息 |
| 书名: | Fables and fairy tales | |
| 作者: | by Michael West, illustrated by Kenneth Lovell. | |
| 分册号: | ||
| 分册名: | 出版地: | London : |
|
| 出版社: | Longmans, Green and Co | |
| 出版时间: | 1958. | |
| 页数: | 75 p. : | |
| 开本: | 19 cm. : | |
| 丛书名: | ||
| 中图分类号: | ||
| 科图分类号: | ||
| 其他分类号: | H319.5 | |
| 主题词: | ||
| 电子资源: | ||
| 000 | 00718nam 2200229 a 4500 | |
| 001 | E0732378881 | |
| 003 | CatCD | |
| 005 | 20070302105633.31 | |
| 008 | uu | |
| 020 | @cCNY0.28. | |
| 040 | @cN5L | |
| 049 | @aN5LA | |
| 090 | @a2-2002/I18/W519//////259486 | |
| 090 | @aH319.5 | |
| 096 | @aI18 @v4 | |
| 099 | @dH319.5@ex88 | |
| 100 | 1 | @aWest, Michael. |
| 245 | 10 | @aFables and fairy tales :@bwritten within the vocabulary of New Method Reader I / @cby Michael West, illustrated by Kenneth Lovell. |
| 250 | @aNew ed. | |
| 260 | @aLondon :@bLongmans, Green and Co.,@c1958. | |
| 300 | @a75 p. :@bill. ;@c19 cm. :@b00 ;@c20020930@lNLC09@h2256@lNLC09@h0055@lNLC09@h2053 | |
| 852 | 9 | @bWWJC @cJ14W @k2-2002 @hI18 @iW519 |
| Fables and fairy tales : : written within the vocabulary of New Method Reader I / / by Michael West, illustrated by Kenneth Lovell.-New ed.-London : : Longmans, Green and Co., , 1958. |
| 75 p. : : ill. ; ; 19 cm. : : 00 ; ; 20020930 |
| ISBN CNY0.28. |
| ● |
| 相关链接 |
|
|
|
|
正题名:Fables and fairy tales
索取号:H319.5/x88
 
预约/预借
| 序号 | 登录号 | 条形码 | 馆藏地/架位号 | 状态 | 备注 |
| 1 | 24285 | 001082651 | 密集书库/ [索取号:H319.5/x88] | 在馆 |